[Event "Rottach Egern Seniors Cup 11th"]
[Site "Rottach Egern"]
[Date "2023.04.18"]
[Round "4"]
[White "Kyas, Juergen"]
[Black "Haserodt, Jan"]
[Result "1/2-1/2"]
[WhiteElo "2178"]
[BlackElo "1951"]
[PlyCount "70"]
[EventDate "2023.04.15"]
[EventType "swiss"]
[EventRounds "9"]
[EventCountry "GER"]
[SourceTitle "EXT 2024"]
[Source "ChessBase"]
[SourceDate "2023.10.10"]
[SourceVersion "1"]
[SourceVersionDate "2023.10.10"]
[SourceQuality "1"]

1. e4 d6 2. d4 Nf6 3. Nc3 e5 4. Nf3 Nbd7 5. Bc4 Be7 6. 0-0 c6 7. a4 a5 8. Re1 Qc7 9. Ba2 h6 10. Be3 Nf8 11. h3 g5 12. dxe5 dxe5 13. Nxe5 Qxe5 14. Bd4 Qc7 15. e5 Nd5 16. Bxd5 Be6 17. Bxe6 Nxe6 18. Be3 h5 19. Qd3 g4 20. h4 Rd8 21. Qf5 Ng7 22. Qe4 Bxh4 23. Bc5 Ne6 24. Qc4 Nxc5 25. Qxc5 Be7 26. Qe3 Qd7 27. Ne4 Qe6 28. Qf4 Kf8 29. Nf6 Kg7 30. Qg5+ Kf8 31. Rad1 Rd5 32. b3 Bxf6 33. Qxf6 Rh6 34. Qf4 Rg6 35. c4 Rd7 1/2-1/2

[Event "Rottach Egern Seniors Cup 11th"]
[Site "Rottach Egern"]
[Date "2023.04.16"]
[Round "2"]
[White "Kyas, Juergen"]
[Black "Unterkoffler, Thomas"]
[Result "1/2-1/2"]
[WhiteElo "2178"]
[BlackElo "1855"]
[PlyCount "33"]
[EventDate "2023.04.15"]
[EventType "swiss"]
[EventRounds "9"]
[EventCountry "GER"]
[SourceTitle "EXT 2024"]
[Source "ChessBase"]
[SourceDate "2023.10.10"]
[SourceVersion "1"]
[SourceVersionDate "2023.10.10"]
[SourceQuality "1"]

1. e4 d5 2. exd5 Nf6 3. d4 Nxd5 4. Nf3 Bg4 5. h3 Bh5 6. c4 Nb6 7. Nc3 c6 8. g4 Bg6 9. Ne5 N8d7 10. Nxg6 hxg6 11. c5 Nc8 12. Qb3 Qc7 13. Bc4 e6 14. Be3 Ne7 15. 0-0-0 0-0-0 16. Kb1 Nf6 17. a3 1/2-1/2

[Event "EU-chT Seniors 65"]
[Site "Dresden"]
[Date "2022.10.30"]
[Round "4.3"]
[White "Wahlbom, Magnus"]
[Black "Kyas, Juergen"]
[Result "1/2-1/2"]
[WhiteElo "2141"]
[BlackElo "2193"]
[PlyCount "20"]
[EventDate "2022.10.27"]
[EventType "team-swiss"]
[EventRounds "9"]
[EventCountry "GER"]
[SourceTitle "EXT 2024"]
[Source "ChessBase"]
[SourceDate "2023.10.10"]
[SourceVersion "1"]
[SourceVersionDate "2023.10.10"]
[SourceQuality "1"]
[WhiteTeam "Sweden 65"]
[BlackTeam "Leipzig Schachfreunde 65"]
[WhiteTeamCountry "SWE"]
[BlackTeamCountry "GER"]

1. e4 c5 2. Nf3 g6 3. d4 cxd4 4. Qxd4 Nf6 5. e5 Nc6 6. Qa4 Nd5 7. Qe4 Nb6 8. Bf4 Bg7 9. c3 0-0 10. Na3 d5 1/2-1/2

[Event "EU-chT Seniors 65"]
[Site "Dresden"]
[Date "2022.10.29"]
[Round "3.3"]
[White "Kyas, Juergen"]
[Black "Gass, Ulrich"]
[Result "1/2-1/2"]
[WhiteElo "2193"]
[BlackElo "2071"]
[PlyCount "28"]
[EventDate "2022.10.27"]
[EventType "team-swiss"]
[EventRounds "9"]
[EventCountry "GER"]
[SourceTitle "EXT 2024"]
[Source "ChessBase"]
[SourceDate "2023.10.10"]
[SourceVersion "1"]
[SourceVersionDate "2023.10.10"]
[SourceQuality "1"]
[WhiteTeam "Leipzig Schachfreunde 65"]
[BlackTeam "Eppingen 65"]
[WhiteTeamCountry "GER"]
[BlackTeamCountry "GER"]

1. e4 g6 2. d4 d6 3. Nc3 Nf6 4. Nf3 c6 5. a4 Bg7 6. Be2 0-0 7. 0-0 Na6 8. Be3 Qa5 9. Nd2 e5 10. Nc4 Qc7 11. f4 exd4 12. Bxd4 d5 13. Be5 Qd8 14. exd5 Nxd5 1/2-1/2

[Event "WchT Seniors 50"]
[Site "Radebeul"]
[Date "2016.06.28"]
[Round "3.1"]
[White "Erneste, Inguna"]
[Black "Kyas, Juergen"]
[Result "1/2-1/2"]
[WhiteElo "2149"]
[BlackElo "2190"]
[PlyCount "44"]
[EventDate "2016.06.26"]
[EventType "team-swiss"]
[EventRounds "9"]
[EventCountry "GER"]
[SourceTitle "CBM 173 Extra"]
[Source "ChessBase"]
[SourceDate "2016.08.29"]
[SourceVersion "1"]
[SourceVersionDate "2016.08.29"]
[SourceQuality "1"]
[WhiteTeam "Latvia (W)"]
[BlackTeam "Eiche Reichenbrand"]
[WhiteTeamCountry "LAT"]
[BlackTeamCountry "GER"]

1. e4 c5 2. Nf3 Nc6 3. d4 cxd4 4. Nxd4 g6 5. Bc4 Bg7 6. Nxc6 bxc6 7. 0-0 d6 8. Nc3 Qc7 9. f4 Nf6 10. Qe1 0-0 11. h3 e6 12. Rb1 Rb8 13. b3 d5 14. Bd3 dxe4 15. Nxe4 Nxe4 16. Bxe4 c5 17. Be3 Bb7 18. Bxb7 Rxb7 19. Qf2 c4 20. Bd4 Bxd4 21. Qxd4 cxb3 22. cxb3 Rd8 1/2-1/2

[Event "Arber op Seniors 3rd"]
[Site "Bayerisch Eisenstein"]
[Date "2015.08.09"]
[Round "9"]
[White "Vorobyov, Yurij"]
[Black "Kyas, Juergen"]
[Result "1/2-1/2"]
[WhiteElo "2130"]
[BlackElo "2197"]
[PlyCount "26"]
[EventDate "2015.08.01"]
[EventType "swiss"]
[EventRounds "9"]
[EventCountry "GER"]
[SourceTitle "EXT 2016"]
[Source "ChessBase"]
[SourceDate "2015.10.08"]
[SourceVersion "1"]
[SourceVersionDate "2015.10.08"]
[SourceQuality "1"]

1. Nf3 c5 2. c4 g6 3. d4 cxd4 4. Nxd4 Nc6 5. e4 Nf6 6. Nc3 d6 7. Be2 Nxd4 8. Qxd4 Bg7 9. Be3 0-0 10. Qd2 a5 11. f3 a4 12. 0-0 Qa5 13. Rac1 Be6 1/2-1/2

[Event "Arber op Seniors 3rd"]
[Site "Bayerisch Eisenstein"]
[Date "2015.08.06"]
[Round "6"]
[White "Kyas, Juergen"]
[Black "Kylar, Miroslav"]
[Result "1-0"]
[WhiteElo "2197"]
[BlackElo "1889"]
[PlyCount "57"]
[EventDate "2015.08.01"]
[EventType "swiss"]
[EventRounds "9"]
[EventCountry "GER"]
[SourceTitle "EXT 2016"]
[Source "ChessBase"]
[SourceDate "2015.10.08"]
[SourceVersion "1"]
[SourceVersionDate "2015.10.08"]
[SourceQuality "1"]

1. e4 c6 2. d4 d5 3. Nc3 dxe4 4. Nxe4 Bf5 5. Ng3 Bg6 6. h4 h6 7. Nf3 Nd7 8. h5 Bh7 9. Bd3 Bxd3 10. Qxd3 e6 11. Bd2 Ngf6 12. 0-0-0 Be7 13. Kb1 0-0 14. Ne4 Nxe4 15. Qxe4 Nf6 16. Qe2 Qd5 17. Be3 Ng4 18. Bc1 Nf6 19. Ne5 Qe4 20. Qf1 c5 21. f3 Qd5 22. c4 Qd8 23. g4 cxd4 24. g5 hxg5 25. h6 Qa5 26. hxg7 Kxg7 27. Bxg5 Rh8 28. Qg2 Ng4 29. Qxg4 1-0

[Event "Porto Mannu op 5th"]
[Site "Porto Mannu"]
[Date "2013.06.08"]
[Round "9"]
[White "Murgia, Andrea"]
[Black "Kyas, Juergen"]
[Result "1/2-1/2"]
[WhiteElo "1984"]
[BlackElo "2198"]
[PlyCount "20"]
[EventDate "2013.06.01"]
[EventType "swiss"]
[EventRounds "9"]
[EventCountry "ITA"]
[SourceTitle "CBM 154 Extra"]
[Source "ChessBase"]
[SourceDate "2013.06.25"]
[SourceVersion "2"]
[SourceVersionDate "2013.06.25"]
[SourceQuality "1"]

1. e4 c5 2. c3 d5 3. exd5 Qxd5 4. d4 e6 5. Nf3 Nf6 6. Na3 Be7 7. Be3 cxd4 8. Nb5 Na6 9. Nbxd4 0-0 10. Bxa6 bxa6 1/2-1/2

[Event "Porto Mannu op 5th"]
[Site "Porto Mannu"]
[Date "2013.06.07"]
[Round "8"]
[White "Kyas, Juergen"]
[Black "L'Ami, Alina"]
[Result "0-1"]
[WhiteElo "2198"]
[BlackElo "2345"]
[PlyCount "46"]
[EventDate "2013.06.01"]
[EventType "swiss"]
[EventRounds "9"]
[EventCountry "ITA"]
[SourceTitle "CBM 154 Extra"]
[Source "ChessBase"]
[SourceDate "2013.06.25"]
[SourceVersion "2"]
[SourceVersionDate "2013.06.25"]
[SourceQuality "1"]

1. e4 e6 2. d4 d5 3. Nd2 Nf6 4. e5 Nfd7 5. Bd3 c5 6. c3 Nc6 7. Ne2 cxd4 8. cxd4 f6 9. exf6 Nxf6 10. Nf3 Bd6 11. 0-0 0-0 12. Nc3 Bd7 13. Re1 Ng4 14. Be3 Be8 15. h3 Nxe3 16. fxe3 Bh5 17. Rf1 Bxf3 18. Rxf3 Qg5 19. Kh1 Rxf3 20. Qxf3 Rf8 21. Qg4 Qxe3 22. Rf1 Rxf1+ 23. Bxf1 Nxd4 0-1

[Event "Oberliga Ost-A 1213"]
[Site "Germany"]
[Date "2013.02.03"]
[Round "7.3"]
[White "Jahnel, Guenther"]
[Black "Kyas, Juergen"]
[Result "1/2-1/2"]
[WhiteElo "2282"]
[BlackElo "2202"]
[PlyCount "34"]
[EventDate "2012.10.14"]
[EventType "team-tourn"]
[EventRounds "11"]
[EventCountry "GER"]
[SourceTitle "EXT 2014"]
[Source "ChessBase"]
[SourceDate "2013.11.20"]
[SourceVersion "1"]
[SourceVersionDate "2013.11.20"]
[SourceQuality "1"]
[WhiteTeam "Hoyerswerda"]
[BlackTeam "Chemnitz"]
[WhiteTeamCountry "GER"]
[BlackTeamCountry "GER"]

1. d4 Nf6 2. c4 g6 3. Nc3 d5 4. Nf3 Bg7 5. cxd5 Nxd5 6. e4 Nxc3 7. bxc3 c5 8. Bb5+ Nc6 9. 0-0 cxd4 10. cxd4 0-0 11. Be3 Bg4 12. Bxc6 bxc6 13. Rc1 Qa5 14. Qe2 Rfd8 15. Rc5 Qa3 16. Rd1 e5 17. Rxc6 exd4 1/2-1/2

[Event "Gibraltar Masters 10th"]
[Site "Caleta"]
[Date "2012.01.28"]
[Round "5"]
[White "Cramling, Pia"]
[Black "Kyas, Juergen"]
[Result "1-0"]
[WhiteElo "2491"]
[BlackElo "2195"]
[PlyCount "51"]
[EventDate "2012.01.24"]
[EventType "swiss"]
[EventRounds "10"]
[EventCountry "GGB"]
[SourceTitle "CBM 147"]
[Source "ChessBase"]
[SourceDate "2012.03.16"]
[SourceVersion "1"]
[SourceVersionDate "2012.03.16"]
[SourceQuality "1"]

1. d4 Nf6 2. c4 g6 3. Nc3 d5 4. Bf4 Bg7 5. e3 c5 6. dxc5 Qa5 7. Rc1 dxc4 8. Bxc4 0-0 9. Nf3 Qxc5 10. Bb3 Nc6 11. 0-0 Qa5 12. h3 Bf5 13. Qe2 Ne4 14. g4 Nxc3 15. bxc3 Bc8 16. Rfd1 b6 17. Ng5 e5 18. Bg3 Ba6 19. Qf3 e4 20. Nxe4 Ne5 21. Nf6+ Bxf6 22. Qxf6 Rae8 23. Rd5 Qa3 24. Bxe5 Rxe5 25. Rxe5 Qxc1+ 26. Kh2 1-0

[Event "Oberliga Ost-A 1112"]
[Site "Germany"]
[Date "2011.12.11"]
[Round "5.3"]
[White "Kyas, Juergen"]
[Black "Peters, Andreas"]
[Result "1/2-1/2"]
[WhiteElo "2209"]
[BlackElo "2265"]
[PlyCount "31"]
[EventDate "2011.09.25"]
[EventType "team-tourn"]
[EventRounds "11"]
[EventCountry "GER"]
[SourceTitle "EXT 2013"]
[Source "ChessBase"]
[SourceDate "2012.11.22"]
[SourceVersion "1"]
[SourceVersionDate "2012.11.22"]
[SourceQuality "1"]
[WhiteTeam "Chemnitz"]
[BlackTeam "Leipzig SG II"]
[WhiteTeamCountry "GER"]
[BlackTeamCountry "GER"]

1. e4 e6 2. d4 d5 3. Nd2 Nf6 4. e5 Nfd7 5. Bd3 c5 6. c3 Nc6 7. Ne2 Qb6 8. Nf3 cxd4 9. cxd4 f6 10. exf6 Nxf6 11. 0-0 Bd6 12. Nc3 0-0 13. Be3 a6 14. Re1 Qc7 15. Rc1 Bd7 16. Ne5 1/2-1/2

[Event "BL2-Ost 1011"]
[Site "Germany"]
[Date "2011.04.10"]
[Round "9.5"]
[White "Schoeneberg, Manfred"]
[Black "Kyas, Juergen"]
[Result "1-0"]
[WhiteElo "2263"]
[BlackElo "2244"]
[PlyCount "53"]
[EventDate "2010.10.10"]
[EventType "team-tourn"]
[EventRounds "9"]
[EventCountry "GER"]
[SourceTitle "EXT 2012"]
[Source "ChessBase"]
[SourceDate "2011.11.24"]
[SourceVersion "1"]
[SourceVersionDate "2011.11.24"]
[SourceQuality "1"]
[WhiteTeam "Leipzig Mitte"]
[BlackTeam "Chemnitz USG"]
[WhiteTeamCountry "GER"]
[BlackTeamCountry "GER"]

1. Nf3 c5 2. c4 g6 3. d4 cxd4 4. Nxd4 Nc6 5. Nxc6 bxc6 6. Nc3 Bg7 7. e4 d6 8. Be2 Nf6 9. 0-0 0-0 10. Be3 c5 11. e5 Nd7 12. exd6 exd6 13. Qxd6 Rb8 14. Qd2 Qa5 15. Rad1 Re8 16. Nb5 Qxa2 17. Nd6 Re7 18. Bg4 f5 19. Bxf5 gxf5 20. Qd5+ Kh8 21. Nf7+ Rxf7 22. Qxf7 Qa4 23. Qe8+ Bf8 24. Rxd7 Bxd7 25. Qxb8 Be8 26. Bxc5 Bxc5 27. Qe5+ 1-0

[Event "BL2-Ost 1011"]
[Site "Germany"]
[Date "2011.01.16"]
[Round "5.5"]
[White "Kyas, Juergen"]
[Black "Unzicker, Ferdinand"]
[Result "1/2-1/2"]
[WhiteElo "2244"]
[BlackElo "2330"]
[PlyCount "76"]
[EventDate "2010.10.10"]
[EventType "team-tourn"]
[EventRounds "9"]
[EventCountry "GER"]
[SourceTitle "EXT 2012"]
[Source "ChessBase"]
[SourceDate "2011.11.24"]
[SourceVersion "1"]
[SourceVersionDate "2011.11.24"]
[SourceQuality "1"]
[WhiteTeam "Chemnitz USG"]
[BlackTeam "Bayern Muenchen II"]
[WhiteTeamCountry "GER"]
[BlackTeamCountry "GER"]

1. e4 c5 2. Nf3 Nc6 3. d4 cxd4 4. Nxd4 Nf6 5. Nc3 d6 6. Be2 e5 7. Nf3 h6 8. 0-0 Be7 9. Re1 0-0 10. h3 Be6 11. Bf1 Qd7 12. Nd5 Bd8 13. c4 Nh7 14. b3 Ng5 15. Nxg5 Bxg5 16. Bxg5 hxg5 17. Be2 Bxd5 18. cxd5 Nd4 19. Bg4 Qd8 20. Qd2 g6 21. Rac1 Kg7 22. Re3 f6 23. Rec3 Nb5 24. Rc4 a5 25. Be6 Re8 26. Qe3 Nd4 27. Bg4 Re7 28. Qc3 Qb6 29. Rc8 Nb5 30. Qc4 Rxc8 31. Qxc8 Rc7 32. Rxc7+ Qxc7 33. Qe8 Nd4 34. Be6 Qc1+ 35. Kh2 Qf4+ 36. Kh1 Qc1+ 37. Kh2 Qf4+ 38. Kh1 Qc1+ 1/2-1/2